| 000 | 00820nam a22002297a 4500 | ||
|---|---|---|---|
| 005 | 20210325174608.0 | ||
| 008 | s2534 th tha d | ||
| 020 | _a9742767793 | ||
| 041 | _atha | ||
| 050 | _aP306 ส429ว 2534 | ||
| 100 | 0 | _aสวาสดิ์ พรรณา | |
| 245 | 1 | 0 | _aวิธีอ่านและแปลข่าวหนังสือพิมพ์ภาษาอังกฤษ |
| 246 | _aNews reading & translation | ||
| 260 | 3 |
_aกรุงเทพฯ : _bโอเดียนสโตร์, _c2534 |
|
| 300 |
_a169 หน้า ; _b 21 ซม. |
||
| 650 | 0 | 4 | _aการแปลและการตีความ |
| 650 | 0 | 4 | _aข่าว -- การแปล |
| 850 | _aNALT | ||
| 942 | _cGB | ||
| 997 | _c000000000004455 | ||
| 998 | _aJETANANARD SUWANDEE | ||
| 999 |
_c4455 _d4455 |
||